00542nam a2200181Ia 450000500170000000800410001702000180005804100120007608200160008810000270010424501080013125000120023926000420025130000200029365000130031365000220032665000120034820260429112131.0260429s9999||||xx |||||||||||||| ||und|| a9789389354553 aEnglish a550.28bMIS aMishra, Dinesh Chandra 0aPrinciples and practice of gravity and magnetic methods in geological studies / cDinesh Chandra Mishra a1st ed. aHyderabad : bBs Publications,c2022. axv, 288 p.; pbk a Gravity a Magnetic methods aGeology